Làm sạch cơ thể
Nội dung sách giới thiệu với bạn đọc về cơ sở lý luận, thực tiễn lâm sàng cùng những biện pháp "làm sạch" bên trong cơ thể: làm sạch đại tràng, gan, mật, thận, xương khớp, tế bào, huyết dịch, cơ bắp,...thông qua lý liệu pháp, c...
Đã lưu trong:
| 格式: | 圖書 |
|---|---|
| 語言: | Undetermined |
| 出版: |
Hà Nội
Y học
2010
|
| 主題: | |
| 標簽: |
添加標簽
沒有標簽, 成為第一個標記此記錄!
|
| Thư viện lưu trữ: | Trung tâm Học liệu Trường Đại học Cần Thơ |
|---|
| LEADER | 01093nam a2200193Ia 4500 | ||
|---|---|---|---|
| 001 | CTU_160880 | ||
| 008 | 210402s9999 xx 000 0 und d | ||
| 020 | |c 31000 | ||
| 082 | |a 613 | ||
| 082 | |b L104 | ||
| 245 | 0 | |a Làm sạch cơ thể | |
| 245 | 0 | |c Nguyễn Văn Hùng, Nguyễn Hữu Thăng (Biên soạn) | |
| 260 | |a Hà Nội | ||
| 260 | |b Y học | ||
| 260 | |c 2010 | ||
| 520 | |a Nội dung sách giới thiệu với bạn đọc về cơ sở lý luận, thực tiễn lâm sàng cùng những biện pháp "làm sạch" bên trong cơ thể: làm sạch đại tràng, gan, mật, thận, xương khớp, tế bào, huyết dịch, cơ bắp,...thông qua lý liệu pháp, chế độ ăn uống, luyện tập khoa học theo nghgiên cứu và kinh nghiệm đầy sức thuyết phục của các chuyên gia Nga và Quốc tế. | ||
| 650 | |a Health education,Giáo dục y tế | ||
| 904 | |i Thảo, Hải | ||
| 980 | |a Trung tâm Học liệu Trường Đại học Cần Thơ | ||